Sołectwa gminy Sławatycze - nagła śmierć - Statystyki

Ogólne statystyki
  • Ten quiz został rozwiązany 3 razy
  • Średni wynik to 2 z 12
Answers on the Grid
Answers color-coded by a green-red scale on the quiz's grid according to % correct below.
Jabłeczna
Krzywowólka
Krzywowólka-Kolonia
Liszna
Mościce Dolne
Nowosiółki
Parośla-Pniski
Sajówka
Sławatycze
Sławatycze-Kolonia
Terebiski
Zanków
Mosty
Cichostów
Drelów
Dańce
Dołhobrody
Hanna
Holeszów
Kuzawka
Konstantyn
Lack
Pawluki
Zaświatycze
Adampol
Horostyta
Sosnówka
Ignaców
Zahajki
Suchawa
 
Statystyki odpowiedzi
Odpowiedź % Poprawnych
Sławatycze
100%
Jabłeczna
33%
Krzywowólka-Kolonia
33%
Zanków
33%
Krzywowólka
0%
Liszna
0%
Mościce Dolne
0%
Nowosiółki
0%
Parośla-Pniski
0%
Sajówka
0%
Sławatycze-Kolonia
0%
Terebiski
0%
Nie znaleziono quizów pasujących do podanych kryteriów
Rozkład punktacji
Procent ludzi z każdym wynikiem
Percentyl według liczby udzielonych odpowiedzi
Twoja historia wyników
Nie rozwiązałeś tego quizu